000 00907nam a2200265Ia 4500
003 OSt
005 20220930072711.0
006 a|||||r|||| 00| 0
007 ta
008 220926b |||||||| |||| 00| 0 eng d
024 _a24787
037 _cTheses
040 _aCRL
_cCRL
_beng
041 _2eng
_aeng
100 _aAwanish Karan
_9530303
110 _aUniversity of Delhi. Faculty of Medical Sciences. Department of Otorhinolaryngology
_9519799
245 0 _aEvaluation of parameters of auditory brainstem response in normal neonates and infants
260 _c1998
300 _a69p.
_ap.
_ccm.
650 _aHEAD - DISEASES
_9200017
700 _a Dr S K Vishwakarma Supervisor
_9530104
700 _aUniversity of Delhi. Faculty of Medical Sciences. Department of Otorhinolaryngology
_9519801
942 _cDIS
_2CC
999 _c864220
_d864220